000 00887 a2200169 4500
003 Nust
005 20221017115641.0
040 _cNust
082 _a600,CAR
100 _aCarrington,Herward
_9100412
245 _aInvisible World
_c Herward Carrington
260 _aNew York
_bRider and Co
300 _a122:p
505 _aThe News Spiritual Awaking (Page-7), Haunted Houses (Page-12), Eusapia Pal Ladino (Page-18),The Greatest Mental (Page-27), Laboratory Investigations (Page-34), Trumpet Mediums (Page-42),The intra-Atomic quality (Page-62), Experiments I Should Like Tried (Page-69), Poltergeist Phenomena (Page-72), How Sprit Pitchers (Page-80).Psychic Photographs (Page-84),The Vision and Voices(Page-89).The Problems of the Mind-Body Relations (Page-92), Free Will and Determinism (Page-98).Yoga and Magic (Page-106).
650 _aInvisible World
_9100413
942 _2ddc
_cBK
999 _c183090
_d183090